Pomoc malému a strednému podnikaniu v regiónoch Záruky najmä za úvery investičného a investično-prevádzkového charakteru
Podpora malého a stredného podnikania prostredníctvom SLovenskej záručnej banky (SZB), ktorá preberá záruky na úvery, poskytované úverujúcimi peňažnými ústavmi malým a stredným podnikateľom. Podmienky preberania záruk SZB. Poskytovanie záruk v rámci podpory malého a stredného podnikania. Oblasti, do...
Enregistré dans:
| Auteur principal: | |
|---|---|
| Format: | Chapitre de livre |
| Langue: | slovaque |
| Sujets: | |
| Tags: |
Pas de tags, Soyez le premier à ajouter un tag!
|
MARC
| LEADER | 00000naa a2200000 4500 | ||
|---|---|---|---|
| 001 | r017491 | ||
| 005 | 20221205102701.3 | ||
| 041 | 0 | |a slo | |
| 044 | |a SK | ||
| 245 | 1 | 0 | |a Pomoc malému a strednému podnikaniu v regiónoch |b Záruky najmä za úvery investičného a investično-prevádzkového charakteru |c C. Reich |
| 520 | |a Podpora malého a stredného podnikania prostredníctvom SLovenskej záručnej banky (SZB), ktorá preberá záruky na úvery, poskytované úverujúcimi peňažnými ústavmi malým a stredným podnikateľom. Podmienky preberania záruk SZB. Poskytovanie záruk v rámci podpory malého a stredného podnikania. Oblasti, do ktorých sú žiadosti o poskytnutie bankovej záruky najviac smerované. | ||
| 610 | 2 | 0 | |a Slovenská záručná banka, š.p.ú. Bratislava |
| 610 | 2 | 0 | |a záruka |
| 610 | 2 | 0 | |a podpora podnikania |
| 610 | 2 | 0 | |a regióny |
| 610 | 2 | 0 | |a úver bankový |
| 610 | 2 | 0 | |a úver investičný |
| 610 | 2 | 0 | |a podnikatelia |
| 610 | 2 | 0 | |a podnik malý |
| 610 | 2 | 0 | |a podnik stredný |
| 100 | 1 | |a Reich, C. | |